Géographie de la Nouvelle-Zélande. - Statistiques

Statistiques générales
  • Ce quiz a été pris 234 fois
    198 depuis la dernière actualisation
  • Le résultat moyen est 10 sur 17
Statistiques - réponses
Questions Réponses % Correct
Quel océan borde la Nouvelle-Zélande? Océan {Pacifique}
94%
Quelle est la capitale de la Nouvelle-Zélande? Wellington
94%
Quelle est la plus grande ville néo-zélandaise? Auckland
89%
Quel est le pays le plus proche de la Nouvelle-Zélande? Australie
89%
De combien de régions est constituée la Nouvelle-Zélande? 16
76%
Quelles sont les deux plus grandes îles de la Nouvelle-Zélande? Île du {Nord}
75%
Île du {Sud}
75%
Îles Cook
69%
Quel détroit sépare les deux principales îles? Detroit de {Cook}
68%
Quel est le point culminant de la Nouvelle-Zélande? Mont {Cook}
68%
Quelle mer? Mer de {Tasman}
67%
Dans quel chaîne de montagnes se situe-t-il? Alpes du Sud
61%
Avec quels états autonomes la Nouvelle-Zélande est-elle en libre association? Niue
39%
Quel est le plus grand lac néo-zélandais? Lac {Taupo}
30%
Quelle est la plus grande? Canterbury
19%
Quels sont les deux plus grands fleuves de la Nouvelle-Zélande? Waikato
14%
Whanganui
4%
Aucun quiz correspondant
Distribution des résultats
% des personnes avec chaque résultat
Percentile par nombre de réponses
Votre historique - résultats
Vous n’avez pas pris ce quiz depuis la dernière actualisation